Evaluación de diferentes métodos de control de cancro bacteriano en plantas de tomate

Shranjeno v:
Bibliografske podrobnosti
Main Authors: Marambio Echeverría, Andrea (autora), Vergara M., Natalia (Author), Viganego F., Jorge (Author)
Format: Knjiga
Jezik:španščina
Izdano: Valparaíso Universidad Católica de Valparaíso 1999
Teme:
Oznake: Označite
Brez oznak, prvi označite!

MARC

LEADER 00000nam a2200000 a 4500
001 UCO3856
003 CL-VaPUC
008 000728e19990000CL |||||||||||||||||spa|d
082 0 4 |a 635.6429  |b MAR  |2 21 
100 |a Marambio Echeverría, Andrea  |e autora  |9 444252 
700 0 |a Vergara M., Natalia  |e author  |9 447852 
700 0 |a Viganego F., Jorge  |e author  |9 447853 
245 1 0 |a Evaluación de diferentes métodos de control de cancro bacteriano en plantas de tomate 
300 |a 21 h 
942 |c BK 
945 |d 20000728 00:00:00  |a vberengu 
260 |a Valparaíso  |b Universidad Católica de Valparaíso  |c 1999 
500 |a Taller de Estadística; prof. guía: Renato Allende Olivares; Jorge Galbiati Riesco 
650 0 |a Análisis estadístico  |9 269506 
650 0 |a Estadística matemática  |9 260028 
650 0 |a Plagas y enfermedades (Plantas)  |9 417691 
650 0 |a Fertilizantes  |9 262833 
650 0 |a Pesticidas  |9 358300 
650 7 |a TOMATE  |2 CL-VaPUC  |9 264158 
650 7 |a LYCOPERSICON ESCULENTUM  |2 CL-VaPUC  |9 264426 
583 |a last modification  |c 20130403 01:56:14  |k Rodrigo Vera 
999 |c 289984  |d 289982 
952 |0 0  |1 0  |2 ddc  |4 0  |6 635_642900000000000_MAR_1999  |7 0  |8 T  |9 339025  |a BIBGIM  |b BIBGIM  |d 2019-11-20  |i 3631303  |o 635.6429 MAR 1999  |p 3631303  |r 2019-11-20  |w 2019-11-20  |y BK_F  |k EST